00230 a2200097 450000500170000008200140001710000150003124500190004626000360006530000310010120250629105558.0 a651.3 REI aREID, G. A aOffice Systems aCanada,bSir Isaac Pitmanc1970 a605p.; ill.; picturec23cm